[Event "Krasnoyarsk City-ch"]
[Site "Krasnoyarsk"]
[Date "2013.10.11"]
[Round "9"]
[White "Turusin, Alexander"]
[Black "Sergeev, Ilya"]
[Result "0-1"]
[WhiteElo "2142"]
[BlackElo "2053"]
[PlyCount "84"]
[EventDate "2013.10.03"]
[EventType "swiss"]
[EventRounds "11"]
[EventCountry "RUS"]
[SourceTitle "EXT 2014"]
[Source "ChessBase"]
[SourceDate "2013.11.20"]
[SourceVersion "1"]
[SourceVersionDate "2013.11.20"]
[SourceQuality "1"]

1. Nf3 d5 2. d4 Nf6 3. g3 c6 4. Bg2 Bf5 5. Nbd2 h6 6. Ne5 e6 7. c4 Be7 8. Qb3 Qb6 9. c5 Qxb3 10. Nxb3 b6 11. 0-0 Nfd7 12. Nxd7 Nxd7 13. Be3 0-0 14. Rac1 Rfc8 15. a3 bxc5 16. Nxc5 Nxc5 17. dxc5 a5 18. Bd2 a4 19. f3 Rd8 20. g4 Bg6 21. f4 Rab8 22. f5 exf5 23. gxf5 Bh5 24. Bb4 Bxe2 25. Rfe1 Bg5 26. Rc3 Bg4 27. Rf1 d4 28. Rg3 Be2 29. Bxc6 d3 30. Bxa4 Bxf1 31. Kxf1 d2 32. Ke2 Re8+ 33. Kf3 Rbd8 34. Rg1 Rd3+ 35. Kf2 Bh4+ 36. Kg2 Re2+ 37. Kh1 Rh3 38. Rg2 Re1+ 39. Rg1 Bf2 40. Rxe1 dxe1Q+ 41. Bxe1 Bxe1 42. Bd7 Rb3 0-1

[Event "Krasnoyarsk City-ch"]
[Site "Krasnoyarsk"]
[Date "2013.10.07"]
[Round "5"]
[White "Turusin, Alexander"]
[Black "Volkov, Sergey Anat"]
[Result "0-1"]
[WhiteElo "2142"]
[BlackElo "2143"]
[PlyCount "146"]
[EventDate "2013.10.03"]
[EventType "swiss"]
[EventRounds "11"]
[EventCountry "RUS"]
[SourceTitle "EXT 2014"]
[Source "ChessBase"]
[SourceDate "2013.11.20"]
[SourceVersion "1"]
[SourceVersionDate "2013.11.20"]
[SourceQuality "1"]

1. d4 d5 2. Nf3 Nf6 3. c4 c6 4. cxd5 cxd5 5. Nc3 Nc6 6. Bf4 Qb6 7. Na4 Qa5+ 8. Bd2 Qd8 9. Nc3 Bf5 10. a3 e6 11. e3 Bd6 12. Nb5 Be7 13. Ne5 Nd7 14. Rc1 Qb6 15. Nxd7 Kxd7 16. b4 Rhc8 17. Nc3 Rab8 18. Qf3 Bg6 19. Na4 Qd8 20. b5 Na5 21. Nc5+ Ke8 22. b6 Bxc5 23. Bb5+ Nc6 24. dxc5 axb6 25. Bb4 bxc5 26. Rxc5 f6 27. 0-0 Kf7 28. Bxc6 Rxc6 29. Rxc6 bxc6 30. Rc1 Qb6 31. h3 Bd3 32. Qd1 Bc4 33. Qa4 c5 34. Bc3 Rb7 35. Qd1 Rb8 36. Qa4 Qd6 37. Qa7+ Kg6 38. h4 Rb3 39. h5+ Kh6 40. Qf7 e5 41. e4 g5 42. Ba5 Rb8 43. Bc7 Qf8 44. Qxf8+ Rxf8 45. exd5 Bxd5 46. Rxc5 Bb3 47. g4 Bd1 48. Rc6 Bf3 49. Rb6 Bxg4 50. Bxe5 Kxh5 51. Bxf6 Bf5 52. f3 Rc8 53. Rb5 Kg6 54. Bd4 Rc4 55. Rb6+ Kh5 56. Rb4 Rc2 57. Rb5 Bd3 58. Ra5 Kh4 59. Bf2+ Kh3 60. Re5 h5 61. Re3 Rc1+ 62. Be1 Rd1 63. Kf2 g4 64. f4+ Kh2 65. Rg3 Be4 66. Re3 Bf3 67. f5 h4 68. Bc3 Rd5 69. f6 Rf5 70. Be5+ g3+ 71. Ke1 Bg4 72. Re4 Rxe5 73. Rxe5 g2 0-1